<?xml version="1.0" encoding="UTF-8"?>
<record
    xmlns:xsi="http://www.w3.org/2001/XMLSchema-instance"
    xsi:schemaLocation="http://www.loc.gov/MARC21/slim http://www.loc.gov/standards/marcxml/schema/MARC21slim.xsd"
    xmlns="http://www.loc.gov/MARC21/slim">

  <leader>01452nam a22002657a 4500</leader>
  <controlfield tag="008">160730s2009        sp||||| |||| 00| 0 spa d</controlfield>
  <datafield tag="020" ind1=" " ind2=" ">
    <subfield code="a">9788461308002</subfield>
  </datafield>
  <datafield tag="082" ind1="0" ind2="4">
    <subfield code="a">708</subfield>
    <subfield code="b">G984c</subfield>
  </datafield>
  <datafield tag="100" ind1=" " ind2=" ">
    <subfield code="a">Guti&#xE9;rrez, Fernando.</subfield>
    <subfield code="9">5327</subfield>
  </datafield>
  <datafield tag="245" ind1="1" ind2="0">
    <subfield code="a">Cris&#xE1;lidas /</subfield>
    <subfield code="c">Fernando Guti&#xE9;rrez ; LABoral Centro de Arte y Creaci&#xF3;n Industrial.</subfield>
  </datafield>
  <datafield tag="250" ind1=" " ind2=" ">
    <subfield code="a">1a ed.</subfield>
  </datafield>
  <datafield tag="260" ind1=" " ind2=" ">
    <subfield code="a">Asturias, Espa&#xF1;a :</subfield>
    <subfield code="b">LABoral Centro de Arte y Creaci&#xF3;n Industrial ; Instituto Asturiano de la Juventud ; Gobierno del Principado de Asturias,</subfield>
    <subfield code="c">2009.</subfield>
  </datafield>
  <datafield tag="300" ind1=" " ind2=" ">
    <subfield code="a">46 p.</subfield>
    <subfield code="b">il. col.</subfield>
  </datafield>
  <datafield tag="500" ind1=" " ind2=" ">
    <subfield code="a">Este cat&#xE1;logo se public&#xF3; con motivo de la celebraci&#xF3;n de la exposici&#xF3;n "Cris&#xE1;lidas", en LABoral Centro de Arte y Creaci&#xF3;n Industrial, Gij&#xF3;n, del 30 de enero al 6 de abril del 2009.</subfield>
  </datafield>
  <datafield tag="505" ind1="0" ind2=" ">
    <subfield code="t">Premio LABjoven_Experimenta, Un paso m&#xE1;s</subfield>
    <subfield code="r">Mercedes &#xC1;lvarez Gonz&#xE1;lez.</subfield>
    <subfield code="t">Fernando Guti&#xE9;rrez: entre el dessin sans papier y la animazione povera</subfield>
    <subfield code="r">Juan Antonio &#xC1;lvarez Reyes.</subfield>
    <subfield code="t">Dise&#xF1;o, artilugio, "animismo" y fantasmagoria</subfield>
    <subfield code="r">F. Javier Panera Cuevas.</subfield>
    <subfield code="t">En la caverna del deseo autom&#xE1;tico</subfield>
    <subfield code="r">Abel H. Pozuelo.</subfield>
    <subfield code="t">Imagino que todo es extra&#xF1;o</subfield>
    <subfield code="r">Javier &#xC1;vila.</subfield>
    <subfield code="t">Im&#xE1;genes Cris&#xE1;lidas.</subfield>
    <subfield code="t">Cr&#xE9;ditos.</subfield>
  </datafield>
  <datafield tag="653" ind1="1" ind2="0">
    <subfield code="a">Exhibiciones</subfield>
  </datafield>
  <datafield tag="653" ind1="1" ind2="0">
    <subfield code="a">Arte contempor&#xE1;neo</subfield>
  </datafield>
  <datafield tag="653" ind1="1" ind2="0">
    <subfield code="a">Dibujo</subfield>
  </datafield>
  <datafield tag="653" ind1="1" ind2="0">
    <subfield code="a">Video - animaci&#xF3;n</subfield>
  </datafield>
  <datafield tag="653" ind1="1" ind2="0">
    <subfield code="a">Arte visual</subfield>
  </datafield>
  <datafield tag="653" ind1="1" ind2="0">
    <subfield code="a">Pictograf&#xED;a virtual</subfield>
  </datafield>
  <datafield tag="653" ind1="1" ind2="0">
    <subfield code="a">Collage</subfield>
  </datafield>
  <datafield tag="653" ind1="1" ind2="0">
    <subfield code="a">Artistas espa&#xF1;oles</subfield>
  </datafield>
  <datafield tag="710" ind1="1" ind2=" ">
    <subfield code="a">LABoral Centro de Arte y Creaci&#xF3;n Industrial.</subfield>
    <subfield code="9">5328</subfield>
  </datafield>
  <datafield tag="999" ind1=" " ind2=" ">
    <subfield code="c">990</subfield>
    <subfield code="d">990</subfield>
  </datafield>
  <datafield tag="952" ind1=" " ind2=" ">
    <subfield code="0">0</subfield>
    <subfield code="1">0</subfield>
    <subfield code="2">ddc</subfield>
    <subfield code="4">0</subfield>
    <subfield code="7">0</subfield>
    <subfield code="a">LV</subfield>
    <subfield code="b">LV</subfield>
    <subfield code="c">Monograf&#xED;as</subfield>
    <subfield code="d">2016-07-30</subfield>
    <subfield code="l">0</subfield>
    <subfield code="o">708 G984c</subfield>
    <subfield code="p">003862</subfield>
    <subfield code="r">2016-07-30 00:00:00</subfield>
    <subfield code="w">2016-07-30</subfield>
    <subfield code="y">01</subfield>
  </datafield>
</record>
